02901nam a22004214c 4500001000700000003000700007005001700014008004100031015001000072017004800082020001800130040002900148080002000177100002700197245008500224250003000309264004900339300002700388336002200415337003000437338002400467490003600491500014200527504004100669520103700710650006701747655003401814655002401848655002501872830003601897852009901933852011402032903003202146942002302178999001902201952012502220952013402345194591SpMaBN20250824094049.0230307s2023 sp | |||| 000 0 spa  aMON23 aM 841-2023bOficina Depósito Legal Madrid a9788419370440 aSpMaBNbspacSpMaBNerda a821.134.2(6).091 aNistal, Gloria923431010aEstudios sobre literatura africana y afroamericana en español /cGloria Nistal a[Primera edición, 2023] 1aMadrid (España) :bSial Ediciones,c[2023] a387 páginas ;c21 cm aTexto2rdacontent asin mediación2rdamedia avolumen2rdacarrier1 aCasa de África ;v1139176545 aReúne artículos que han sido presentados en distintos congresos y muchos publicados en revistas especializadas en literatura africana aIncluye referencias bibliográficas aEste libro reúne artículos que han sido presentados en distintos congresos y muchos de ellos se han publicado con posterioridad en revistas especializadas en literatura africana como Oráfrica; Iberorromania; Afroeuropa; Hispanitas; Kalejdoskop Afrykanski; Candil o BradAmante. Un pequeño grupo de artículos han sido estudios incluidos en algunos libros de las editoriales Sial Pigmalión, Diwan o Punto rojo. En su mayoría los artículos tratan de la literatura de autores guineoecuatorianos, como María Nsué; Donato Ndongo; Justo Bolekia; Ciriako Bokesa; Leoncio Evita; José Fernando Siale; Maximiliano Nkogo y otros autores y autoras relevantes de Guinea Ecuatorial, pero se encuentran también textos dedicados a autores nacidos en Marruecos (León Cohén Mesonero), poetas colombianas afrodescendientes (María Teresa Ramírez Nieva; Mary Grueso Romero y Elcina Valencia Córdoba) o un estudio sobre la influencia en la literatura y el arte del mito de la reina Dido, reina de Cartago. Gloria Nistal 0aLiteratura africana (Español)-xHistoria y crítica9236236 0aCríticas literarias9233806 4aArtículos9175745 0aAntologías9176540 09176545aCasa de África ;v113 aES-MaACLcDEPOJjN-8875xEncuadernación rústica con solapashDonación: Editorial9203914 aES-MaACLbR.154656cDEPOJjN-94289200686xEncuadernación rústica con solapashDonación: Gloria Nistal  9234310aNistal, Gloriaednr 2udccMONOGRAFIAn0 c194591d194591 00102udc4070aATENEOMbATENEOMcDEPOJd2023-10-24eDONACIONj1l0oN-9428p101205974r2023-10-24 00:00:00yMONOGRAFIA 00102udc4070aATENEOMbATENEOMcDEPOJd2024-07-26eDONACIONl0oN-8875p101228886r2024-07-26 00:00:00w2024-07-26yMONOGRAFIA